Úloha prieskumu trhu v podniku.

Obsah a úlohy prieskumu trhu. Zdroje získavania informácií pre marketingové rozhodnutia. Postup pri prieskume trhu. Jednotlivé etapy: identifikácia problému a stanovenie cieľa prieskumu, základný prieskum trhu, formálny prieskum trhu. Prieskum zameraný na odhad dopytu. Faktory, ovplyvňujúce podiel f...

Ausführliche Beschreibung

Gespeichert in:
Bibliographische Detailangaben
1. Verfasser: Karvaš, J.
Format: Buchkapitel
Sprache:Slowakisch
Schlagworte:
Tags: Tag hinzufügen
Keine Tags, Fügen Sie das erste Tag hinzu!

MARC

LEADER 00000naa a2200000 4500
001 r011059
005 20220831090849.1
041 0 |a slo 
044 |a [CS] 
245 1 0 |a Úloha prieskumu trhu v podniku.  |c J. Karvaš 
520 |a Obsah a úlohy prieskumu trhu. Zdroje získavania informácií pre marketingové rozhodnutia. Postup pri prieskume trhu. Jednotlivé etapy: identifikácia problému a stanovenie cieľa prieskumu, základný prieskum trhu, formálny prieskum trhu. Prieskum zameraný na odhad dopytu. Faktory, ovplyvňujúce podiel firmy na trhu. 
610 2 0 |a prieskum trhu 
610 2 0 |a marketing 
610 2 0 |a podnik 
610 2 0 |a zdroje informácií 
610 2 0 |a dopyt 
610 2 0 |a informácie 
610 2 0 |a prognózovanie 
100 1 |a Karvaš, J.